000 00702nam a2200289Ia 4500
005 20260324134626.0
008 008 260324s9999 xx 000 0 eng d
020 _a9780429122774
037 _aEBOOK
040 _aCRL
040 _beng
040 _cCRL
041 _2eng
041 _aeng
084 _qCRL
100 _aPhilip Good
_91197534
245 0 _aApplying Statistics in the Courtroom
245 2 _bA New Approach for Attorneys and Expert Witnesses
260 _bTaylor and Francis
260 _c2001
365 _a
365 _b340
856 _uhttp://www.taylorfrancis.com/books/9780429122774
942 _cEBOOK
999 _c1797811
_d1797811